Alle Attack on Titan Charaktere - Statistiken

Allgemein
  • Dieses Quiz wurde 108 mal gespielt
    106 seit der letzten Aktualisierung
  • Das Durchschnittsergebnis liegt bei 20 aus 77
Antwortstatistiken
Antwort % Korrekt
Mensch (Titan) Eren Jäger
100%
Mensch Mikasa Ackermann
81%
Mensch Levi Ackermann
80%
Mensch (Titan) Reiner Braun
78%
Mensch (Titan) Zeke Jäger
67%
Mensch (Titan) Armin Arlert
66%
Mensch Erwin Smith
62%
Mensch (Titan) Grisha Jäger
61%
Mensch Sasha Braus
60%
Mensch (Titan) Ymir
60%
Mensch (Titan) Annie Leonhart
58%
Mensch Gabi Braun
58%
Mensch Kenny Ackermann
53%
Mensch Hanji Zoe
52%
Mensch Historia Reiss
51%
Mensch Connie Springer
49%
Mensch Carla Jäger
45%
Mensch (Titan) Rod Reiss
40%
Mensch Jean Kirschstein
36%
Mensch (Titan) Ymir Fritz
36%
Mensch (Titan) Berthold Fubar
35%
Mensch Dot Pixis
32%
Mensch (Titan) Pieck Finger
32%
Mensch (Titan) Falco Grice
31%
Mensch (Titan) Porco Galliard
31%
Mensch (Titan) Eren Kruger
29%
Mensch Hannes
29%
Mensch Keith Shadis
29%
Mensch Marco Bott
29%
Mensch (Titan) Dina Jäger
28%
Mensch (Titan) Marcel Galliard
28%
Mensch (Titan) Frieda Reiss
25%
Mensch Yelena
24%
Mensch Flocke Forster
21%
Mensch Onyankopon
21%
Mensch Colt Grice
20%
Mensch Thomas Wagner
20%
Mensch Willy Tybur
20%
Mensch Petra Ral
19%
Mensch (Titan) Uri Reiss
19%
Mensch Hitch
18%
Mensch Karina Braun
16%
Mensch (Titan) Lara Tybur
16%
Mensch Theo Magath
16%
Mensch Fritz
14%
Mensch Mina Carolina
14%
Mensch Moblit
14%
Mensch (Titan) Tom Xaver
14%
Mensch Nanaba
13%
Mensch Nicolo
13%
Mensch Udo
13%
Mensch Darius Zackly
11%
Mensch Flegel Reeves
9%
Mensch Dimo Reeves
8%
Mensch Gunther Schultz
8%
Mensch Pastor Nick
8%
Mensch Auruo Bossard
7%
Titan Bean
7%
Mensch Kaya
7%
Mensch Mike Zacharius
7%
Mensch Nile Dawk
7%
Mensch Daz
6%
Mensch Eld Jinn
6%
Mensch Furlan Church
6%
Mensch Kiyomi Azumabito
6%
Mensch Marlo Freudenberg
6%
Titan Sonny
6%
Mensch Aurille
5%
Mensch Isabel Magnolia
5%
Mensch Caven
4%
Mensch Djel Sanes
4%
Mensch Ian Dietrich
4%
Mensch Kitts Verman
4%
Mensch Calvi
2%
Mensch Ilse Langner
2%
Mensch Rico Brzenska
2%
Mensch Gelgar
1%
Keine übereinstimmenden Quizze gefunden
Verteilung der Resultate
Anzahl Personen mit jedem Resultat
Perzentil nach korrekt beantworteten Fragen
Ihre Resultats-Entwicklung
Sie haben dieses Quiz seit der letzten Aktualisierung nicht gespielt